MARC details
| 000 -CABECERA |
| campo de control de longitud fija |
00892nam a2200229 a 4500 |
| 001 - NÚMERO DE CONTROL |
| campo de control |
000044479 |
| 005 - FECHA Y HORA DE LA ÚLTIMA TRANSACCIÓN |
| campo de control |
20201002045414.0 |
| 008 - DATOS DE LONGITUD FIJA--INFORMACIÓN GENERAL |
| campo de control de longitud fija |
140702s2008 dr a 000 0 spa d |
| 040 ## - FUENTE DE LA CATALOGACIÓN |
| Centro catalogador/agencia de origen |
DO-SdBNP |
| Lengua de catalogación |
spa |
| Centro/agencia transcriptor |
BNPHU |
| 082 ## - NÚMERO DE LA CLASIFICACIÓN DECIMAL DEWEY |
| Número de clasificación |
791.43 |
| 111 2# - ENTRADA PRINCIPAL--NOMBRE DE CONGRESO/REUNIÓN |
| Nombre de congreso/reunión o jurisdicción como elemento de entrada |
Festival Internacional de Cine Infantil |
| Número del congreso/reunión o número de parte o sección |
(2: |
| Fecha del congreso/reunión |
2007 : 7-13 agosto |
| Sede del congreso/Lugar de la reunión |
Santo Domingo) |
| 9 (RLIN) |
72503 |
| 245 10 - MENCIÓN DE TÍTULO |
| Título |
Cine infantil / |
| Mención de responsabilidad, etc. |
Luis Rafael Jiménez, Margarita Cedeño de Fernández. |
| 260 ## - PUBLICACIÓN, DISTRIBUCIÓN, ETC. |
| Lugar de publicación, distribución, etc. |
Santo Domingo : |
| Nombre del editor, distribuidor, etc. |
Despacho de la Primera Dama de la República Dominicana, |
| Fecha de publicación, distribución, etc. |
2008. |
| 300 ## - DESCRIPCIÓN FÍSICA |
| Extensión |
[36] p. : |
| Otras características físicas |
il. ; |
| Dimensiones |
29 cm. |
| 650 #4 - PUNTO DE ACCESO ADICIONAL DE MATERIA--TÉRMINO DE MATERIA |
| Término de materia o nombre geográfico como elemento de entrada |
Cine para niños dominicanos |
| 9 (RLIN) |
72504 |
| 650 #4 - PUNTO DE ACCESO ADICIONAL DE MATERIA--TÉRMINO DE MATERIA |
| Término de materia o nombre geográfico como elemento de entrada |
Cuentos infantiles |
| Subdivisión de forma |
COLECCIONES |
| 9 (RLIN) |
21796 |
| 650 #4 - PUNTO DE ACCESO ADICIONAL DE MATERIA--TÉRMINO DE MATERIA |
| Término de materia o nombre geográfico como elemento de entrada |
Cuentos populares |
| 9 (RLIN) |
15566 |
| 650 #4 - PUNTO DE ACCESO ADICIONAL DE MATERIA--TÉRMINO DE MATERIA |
| Término de materia o nombre geográfico como elemento de entrada |
Animación (cinematografía) |
| 9 (RLIN) |
72505 |
| 650 ## - PUNTO DE ACCESO ADICIONAL DE MATERIA--TÉRMINO DE MATERIA |
| Término de materia o nombre geográfico como elemento de entrada |
Cuentos fantasticos |
| 9 (RLIN) |
72506 |
| 700 12 - PUNTO DE ACCESO ADICIONAL--NOMBRE DE PERSONA |
| Nombre de persona |
Jiménez, Luis Rafael |
| 9 (RLIN) |
72507 |
| 700 12 - PUNTO DE ACCESO ADICIONAL--NOMBRE DE PERSONA |
| Nombre de persona |
Cedeño de Fernández, Margarita |
| 9 (RLIN) |
1331 |